| 000 | 00765nam a22002777a 4500 | ||
|---|---|---|---|
| 001 | BR7705493 | ||
| 003 | BR-BrBNA | ||
| 005 | 20230928085445.0 | ||
| 007 | ta | ||
| 008 | 230509b bl.||||| |||| 00| 0 por d | ||
| 040 |
_aBR-BrBNA _bpor _cBiblioteca Nacional de Agricultura |
||
| 041 | _a(Por) | ||
| 072 |
_aP12 _b4630 |
||
| 090 | _ 4630 BR7705493 | ||
| 100 | 1 | _aBlauth, R.L. | |
| 110 | 1 |
_aDantas Industria e Comercio S.A., Barueri, SP (Brasil) _93035 |
|
| 245 | 1 | _aTecnica de irrigacao por aspersao | |
| 250 | 1 | _a5. ed. | |
| 260 | 3 |
_aBarueri, SP (Brasil): _c[nd]. |
|
| 300 | _a30 p. | ||
| 500 | _aPublished after 1976 | ||
| 650 | _aIRRIGACAO POR ASPERSAO | ||
| 650 | _aEQUIPAMENTO DE IRRIGACAO | ||
| 909 |
_a202309 _bLucia _c55 _dLucia Elande |
||
| 942 | _cBK | ||
| 999 |
_c24527 _d24527 |
||